| 000 | 01502nam a2200361 a 4500 | ||
|---|---|---|---|
| 001 | ebr10480676 | ||
| 003 | CaPaEBR | ||
| 006 | m u | ||
| 007 | cr cn||||||||| | ||
| 008 | 021023s2003 njub sb 001 0 eng d | ||
| 010 | _z 2002192693 | ||
| 020 | _z0691096783 (alk. paper) | ||
| 020 | _z0691124280 (paperback) | ||
| 020 | _z9780691124285 | ||
| 020 | _z9781400840724 (e-book) | ||
| 040 |
_aCaPaEBR _cCaPaEBR |
||
| 035 | _a(OCoLC)742516945 | ||
| 043 |
_ae-ge--- _ae-ur--- |
||
| 050 | 1 | 4 |
_aDD284.5.S65 _bH37 2003eb |
| 100 | 1 | _aHarrison, Hope Millard. | |
| 245 | 1 | 0 |
_aDriving the Soviets up the wall _h[electronic resource] : _bSoviet-East German relations, 1953-1961 / _cHope M. Harrison. |
| 260 |
_aPrinceton, N.J. : _bPrinceton University Press, _c2003. |
||
| 300 |
_axx, 345 p. : _bmaps. |
||
| 490 | 1 | _aPrinceton studies in international history and politics | |
| 504 | _aIncludes bibliographical references and index. | ||
| 533 |
_aElectronic reproduction. _bPalo Alto, Calif. : _cebrary, _d2013. _nAvailable via World Wide Web. _nAccess may be limited to ebrary affiliated libraries. |
||
| 651 | 0 |
_aGermany (East) _xRelations _zSoviet Union. |
|
| 651 | 0 |
_aSoviet Union _xRelations _zGermany (East) |
|
| 655 | 7 |
_aElectronic books. _2local |
|
| 710 | 2 | _aebrary, Inc. | |
| 830 | 0 | _aPrinceton studies in international history and politics. | |
| 856 | 4 | 0 |
_uhttp://site.ebrary.com/lib/rucke/Doc?id=10480676 _zAn electronic book accessible through the World Wide Web; click to view |
| 999 |
_c118606 _d118606 |
||